The search for the gold of Tutankhamen /

محفوظ في:

المؤلف الرئيسي: Brackman, Arnold C. (مؤلف)

التنسيق: كتاب

اللغة: English

منشور في: New York : Mason/Charter, 1976.

الموضوعات:

الوسوم: إضافة وسم

لا توجد وسوم, كن أول من يضع وسما على هذه التسجيلة!

رقم الطلب: DT87.5 .B66

LEADER 00720nam a22002537a 4500
003 OSt
005 20260218123512.0
008 260218t1976 nyu 001 0 eng d
010 |a 76025028 
020 |a 0884053644 
040 |c ARCE Library 
043 |a f-ua--- 
050 1 4 |a DT87.5  |b .B66 
100 1 |a Brackman, Arnold C.,  |e author 
245 1 4 |a The search for the gold of Tutankhamen /   |c Arnold C. Brackman. 
264 1 |a New York :  |b Mason/Charter,  |c 1976. 
300 |a ix, 197 pages ;   |c 24 cm. 
500 |a Includes index. 
600 0 0 |a Tutankhamen,  |c King of Egypt  |x Tomb. 
650 0 |a Excavations (Archaeology)  |z Egypt. 
651 0 |a Egypt  |x Antiquities. 
901 |a reviewed 
942 |c BK  |2 lcc 
999 |c 12608  |d 12608